00853nam a2200241 i 4500003000900000005001700009007000300026008004100029040003000070082001900100100004400119245005600163264008800219300002600307336002700333337003300360338002800393590002700421910001400448942001400462952011800476999001700594DO-SdBNP20250224125705.0ta250224t19uu dr 001 0 spa d aDO-SdBNPbspacBNPHUerda axxxxbT8322221 aTrincado, Joaquíneautor4aut.98703813aEl espiritismo en su asiento /cJoaquín Trincado  1aSanto Domingo :bEditado por la Escuela Espiritista "Hija de la vérdad",c[19--]. a331 páginasc21 cm. atextobtxt2rdacontent asin mediaciónbn2rdamedia avolumenbnc2rdacarrier aInventariado, 2025/ YL aYLockward 2ddccLBS1 00102ddc51708PDaBNPHUbBNPHUcCTd2025-02-24l0oBNPHU PD xxxx T832p2025-1202r2025-02-24w2025-02-24yLBS1 c58204d58204